000 00662nam a2200193Ia 4500
003 IN-BaIIA
008 211028s9999 xx 000 0 eng d
020 _a0-87891-513-3
040 _cIIA Library
080 _a517.9
_bREA
110 _aResearch and Education Association
_918662
245 0 _aREA's problem solvers
_bdifferential equations
_cResearch and Education Association
260 _aNew Jersey
_bResearch and Education Association
_c1993
300 _axv,1390p
490 _aREA's problem solvers : A complete solution guide to any tex
650 _aDifferential equations
_91510
650 _aNASA Thesaurus
942 _cBK
999 _c10914
_d10914